Frost protection : (Record no. 15512)
[ view plain ]
| 000 -LEADER | |
|---|---|
| fixed length control field | 00685cam a22002297a 4500 |
| 020 ## - INTERNATIONAL STANDARD BOOK NUMBER | |
| ISBN | 9251053286 (v.1) |
| 020 ## - INTERNATIONAL STANDARD BOOK NUMBER | |
| ISBN | 9251053294 (v.2) |
| 040 ## - CATALOGING SOURCE | |
| Transcribing agency | UAB |
| 082 00 - DEWEY DECIMAL CLASSIFICATION NUMBER | |
| Classification number | 632 FOO 2005 A091 Or. |
| 100 1# - MAIN ENTRY--AUTHOR NAME | |
| Personal name | Snyder, R. L. |
| 245 10 - TITLE STATEMENT | |
| Title | Frost protection : |
| Remainder of title | fundamentals, practice and economics / |
| 260 ## - PUBLICATION, DISTRIBUTION, ETC. (IMPRINT) | |
| Place of publication | Rome : |
| Name of publisher | Food and Agriculture Organization of the United Nations, |
| Year of publication | 2005. |
| 300 ## - PHYSICAL DESCRIPTION | |
| Number of Pages | 2 v. : |
| Other physical details | ill. ; |
| Dimensions | 25 cm. + |
| Accompanying material | 1 CD-ROM (4 3/4 in.) |
| 500 ## - GENERAL NOTE | |
| General note | Errata slip inserted. |
| 500 ## - GENERAL NOTE | |
| General note | Volume 1 lacks CD-ROM. |
| 650 #0 - SUBJECT ADDED ENTRY--TOPICAL TERM | |
| Topical Term | Frost. |
| 650 #0 - SUBJECT ADDED ENTRY--TOPICAL TERM | |
| Topical Term | Crops and climate. |
| 650 #0 - SUBJECT ADDED ENTRY--TOPICAL TERM | |
| Topical Term | Plants |
| 650 #0 - SUBJECT ADDED ENTRY--TOPICAL TERM | |
| Topical Term | Bioclimatology. |
| 700 1# - ADDED ENTRY--PERSONAL NAME | |
| Personal name | Melo-Abreu, J. Paulo de. |
| 942 ## - ADDED ENTRY ELEMENTS (KOHA) | |
| Koha item type | សៀវភៅភាសាអង់គ្លេស |
| 952 ## - LOCATION AND ITEM INFORMATION (KOHA) | |
| Withdrawn status [LOCAL, KOHA] | 0 |
| Permanent Location | Date acquired | Koha item type | Lost status | Shelving location | Barcode | Current Location | Full call number |
|---|---|---|---|---|---|---|---|
| Library Block A | 2017-11-28 | សៀវភៅភាសាអង់គ្លេស | A091 | RUA059865 | Library Block A | 632 FOO 2005 A091 Or. |